| Tag |
First Indicator |
Second Indicator |
Subfields |
| LEADER |
00000cam a2200000 a 4500 |
| 001 |
in00000548113 |
| 005 |
20151014052256.0 |
| 008 |
850214s1984 enka 00110 eng d |
| 020 |
|
|
|a 0246124911
|
| 035 |
|
|
|a (OCoLC)11696111
|
| 035 |
|
|
|9 ACJ8275AM
|
| 040 |
|
|
|a TOL
|c TOL
|d TXA
|d UtOrBLW
|
| 049 |
|
|
|a TXAM
|c [A08259773]
|
| 090 |
|
|
|a TK2821
|b .H66 1984
|
| 100 |
1 |
|
|a Honey, G.
|
| 245 |
1 |
0 |
|a Appliance switch standards :
|b approvals and safe electrical control /
|c G. Honey.
|
| 264 |
|
1 |
|a London ;
|a New York :
|b Granada ;
|c 1984.
|
| 264 |
|
2 |
|a [Dobbs Ferry, N.Y.] :
|b [distributed by Sheridan House],
|
| 300 |
|
|
|a viii, 95 pages :
|b illustrations ;
|c 24 cm.
|
| 336 |
|
|
|a text
|b txt
|2 rdacontent
|
| 337 |
|
|
|a unmediated
|b n
|2 rdamedia
|
| 338 |
|
|
|a volume
|b nc
|2 rdacarrier
|
| 500 |
|
|
|a Distributor from label on inside front cover.
|
| 500 |
|
|
|a Includes index.
|
| 650 |
|
0 |
|a Electric switchgear
|x Standards.
|
| 650 |
|
0 |
|a Electric apparatus and appliances.
|
| 999 |
|
|
|a MARS
|
| 999 |
f |
f |
|s 9407fc0c-fda3-3a17-829d-e2d0c89256b4
|i fab7cf5b-ed30-343b-a602-a7dc2a85bf26
|t 0
|
| 952 |
f |
f |
|p ric
|a Texas A&M University
|b Rellis Campus
|c Joint Library Facility
|d Remote Storage
|t 0
|e TK2821 .H66 1984
|h Library of Congress classification
|i unmediated -- volume
|m A14808259773
|
| 998 |
f |
f |
|a TK2821 .H66 1984
|t 0
|l Remote Storage
|